00236nam a2200085Ia 4500001000800000005001700008008004100025245006300066260002100129120612020251010130712.0250824s9999 xx 000 0 und d 0aTASAVVUF GERÇEĞİ VE ÜÇ ŞAHİDİ cALİ NAR bELİF YAYINLARI